One piece : différents groupes - Statistiques

Statistiques générales
  • Ce quiz a été pris 637 fois
  • Le résultat moyen est 61 sur 89
Statistiques - réponses
Activité Réponses % Correct
empereur (jusque chapitre 1059) Big Mom
99%
empereur (jusque chapitre 1059) Kaido
99%
empereur (après chapitre 1059) + Supernova + Mugiwara Monkey D Luffy
99%
empereur + Membre de l'équipage du roi des pirates Shanks
98%
empereur (après chapitre 1059) + Grand corsaire (jusque dissolution) + Membre de l'équipage du roi des pirates Baggy
97%
empereur (mort) Barbe blanche
97%
Grand corsaire (jusque fin Alabasta) Crocodile
97%
Supernova + Mugiwara Roronoa Zoro
97%
Grand corsaire (jusque fin Marineford) + Mugiwara Jinbe
96%
empereur + Grand corsaire (jusque fin Marineford) + supernova Barbe noire
95%
Grand corsaire (jusque fin Dressrosa) Don quixote Doflamingo
95%
Grand corsaire (jusque fin Dressrosa) + Supernova Trafalgar D Water Law
95%
Grand corsaire (jusque dissolution) Boa Hancock
94%
Grand corsaire (devenu esclave) Bartholomew Kuma
93%
Grand corsaire (jusque dissolution) Dracule Mihawk
93%
Mugiwara Nami
90%
Mugiwara Nico Robin
90%
Mugiwara Sanji Vinsmoke
90%
Mugiwara Tony Tony Chopper
90%
Amiral + Amiral en chef (après ellipse) Akainu
89%
Amiral (avant ellipse, devenu pirate) Aokiji
89%
Supernova Eustass "Captain" Kidd
89%
Mugiwara Franky
89%
Héros de la marine Monkey D Garp
89%
Mugiwara Brook
88%
Grand corsaire (jusque fin Marineford) Gecko Moria
88%
Amiral Kizaru
88%
Mugiwara "God" Usopp
86%
Supernova Jewerly Bonney
83%
Frère de Luffy + Commandant de Barbe Blanche (2ème flotte) Portgas D Ace
83%
Amiral en chef (avant ellipse) Sengoku
83%
Supernova + Tobbi Roppo X-Drake
83%
Amiral Fujitora
81%
Chef de l'armée révolutionnaire Monkey D Dragon
80%
Membre de l'équipage du roi des pirates connu + ancien Shogun de Wano Oden Kozuki
80%
Supernova Urouge
80%
Frère de Luffy Sabo
79%
Membre de l'équipage du roi des pirates connu Silvers Rayleigh
78%
Supernova Basil Hawkins
77%
Supernova Capon "gang" bege
72%
Supernova Killer
72%
Shogun de Wano (après la défaite de Kaido) Momonosuke Kozuki
72%
Commandant de Barbe Blanche (1ère flotte) Marco
71%
Supernova Scratchmen Apoo
71%
Fourreau rouge Kin'emon
69%
Sweet commander Charlotte Katakuri
66%
Grand corsaire (jusque dissolution) Edward Weevil
63%
Monster Trio équipage du roux Ben Beckman
61%
Sweet commander Charlotte Cracker
61%
Okanban King
61%
Okanban Queen
61%
Monster Trio équipage du roux Yasopp
61%
Fourreau rouge (traître + mort sur Onigashima) Kanjuro Kurozumi
60%
Membre de l'armée révolutionnaire (humaine maîtraisant le karaté des hommes poissons) Koala
59%
Tobbi Roppo Black Maria
58%
Mr 2 Bon Clay
58%
Sweet commander Charlotte Smoothie
58%
Okanban Jack
58%
Amiral en chef (avant le début de l'oeuvre) Kong
58%
Membre de l'équipage du roi des pirates connu Scopper Gabban
58%
Tobbi Roppo Ulti
57%
Membre de l'armée révolutionnaire (commandant armée "G") Ivankov
56%
Tobbi Roppo Who's Who
56%
Commandant de Barbe Blanche (3ème flotte) Joz
54%
Monster Trio équipage du roux Lucky Roo
54%
Tobbi Roppo Page One
52%
Amiral Ryokugyu
52%
Membre de l'équipage du roi des pirates connu Crocus
51%
Fourreau rouge Raizo
50%
Membre de l'équipage du roi des pirates connu Gol D Roger
49%
Fourreau rouge (mort sur Onigashima) Izo
49%
Commandant de Barbe Blanche (5ème flotte) Vista
49%
Fourreau rouge Nekomamushi
48%
Fourreau rouge Inuarashi
47%
Membre de l'armée révolutionnaire (Vice commandant armée "G") Inazuma
45%
Fourreau rouge O-Kiku
45%
Fourreau rouge Denjiro
44%
Tobbi Roppo Sasaki
44%
Mr 1 Daz Bones
41%
Fourreau rouge Kawamatsu
41%
Fourreau rouge (mort sur Onigashima) Asura Doji
40%
Mr 3 Galdino
40%
Commandant de Barbe Blanche (4ème flotte, tué par barbe noire) Thatch
39%
Shogun de Wano (sous Kaido) Oroshi Kurozumi
38%
Membre de l'armée révolutionnaire (armée Nord) Karasu
34%
Membre de l'armée révolutionnaire (armée Est) Belo Betty
33%
Membre de l'armée révolutionnaire (armée Ouest) Morley
30%
Membre de l'armée révolutionnaire (armée Sud) Lindbergh
25%
Commandant de Barbe Blanche (6ème flotte) Blamenco
14%
Aucun quiz correspondant
Distribution des résultats
% des personnes avec chaque résultat
Percentile par nombre de réponses
Votre historique - résultats
Vous n’avez pas pris ce quiz